Rhetorical Questions - Statistics

General Stats
  • This quiz has been taken 47,077 times
  • The average score is 13 of 20
Answer Stats
Question % Correct
Is the sky {blue}?
96%
What came first, the {chicken} or the egg?
93%
Who let the {dogs} out?
92%
If a tree falls in the forest, does it make a {sound}?
90%
Is the {pope} Catholic?
87%
Oh yeah? You and what {army}?
79%
Can a {leopard} change its spots?
76%
What would {Jesus} do?
74%
If you prick us, do we not {bleed}?
72%
What is the sound of one hand {clapping}?
72%
Am I my {brother}'s keeper?
68%
Et tu, {Brute}?
64%
How now, {brown} {cow}?
63%
Can God create a rock {so} {heavy} that even he cannot lift it?
62%
How you like them {apples}?
59%
Shall I compare thee to a {summer}'{s} {day}?
54%
How many roads must a {man} {walk} {down} before you call him a man?
45%
Where have you gone, Joe {DiMaggio}?
40%
They shoot {horses}, don't they?
25%
How high the {moon}?
16%
No matching quizzes found
Score Distribution
Percent of People with Each Score
Percentile by Number Answered
Your Score History
You have not taken this quiz